[Event "IM Round Robin-Orbis 2018"]
[Site "Paracin hotel Orbis"]
[Date "2018.07.17"]
[Round "5.5"]
[White "Brankovic, Dejan"]
[Black "Konaplev, Anton"]
[Result "0-1"]
[BlackElo "2316"]
[WhiteElo "2377"]
[LiveChessVersion "1.4.8"]

1. e4 {[%clk 1:30:57]} e6 {[%clk 1:29:15]} 2. Qe2 {[%clk 1:30:53]} c5
{[%clk 1:24:51]} 3. Nf3 {[%clk 1:30:39]} Nc6 {[%clk 1:24:21]} 4. g3
{[%clk 1:30:28]} g6 {[%clk 1:23:53]} 5. Bg2 {[%clk 1:30:33]} Bg7 {[%clk 1:24:10]}
6. O-O {[%clk 1:30:19]} d6 {[%clk 1:22:37]} 7. c3 {[%clk 1:30:37]} Nge7
{[%clk 1:16:02]} 8. Rd1 {[%clk 1:27:56]} e5 {[%clk 1:13:07]} 9. a3
{[%clk 1:20:03]} O-O {[%clk 1:06:44]} 10. b4 {[%clk 1:18:49]} Bg4
{[%clk 0:56:25]} 11. h3 {[%clk 1:18:32]} Be6 {[%clk 0:56:30]} 12. Bb2
{[%clk 1:13:22]} Qb6 {[%clk 0:52:12]} 13. d3 {[%clk 1:05:00]} h6 {[%clk 0:46:24]}
14. Nbd2 {[%clk 0:57:18]} a5 {[%clk 0:33:31]} 15. Nc4 {[%clk 0:55:31]} Bxc4
{[%clk 0:33:20]} 16. dxc4 {[%clk 0:55:57]} axb4 {[%clk 0:32:38]} 17. cxb4
{[%clk 0:50:17]} Nd4 {[%clk 0:23:58]} 18. Nxd4 {[%clk 0:47:20]} cxd4
{[%clk 0:23:36]} 19. h4 {[%clk 0:44:51]} Qc6 {[%clk 0:20:11]} 20. Rac1
{[%clk 0:40:37]} Nc8 {[%clk 0:17:33]} 21. c5 {[%clk 0:37:33]} dxc5
{[%clk 0:16:54]} 22. Rxc5 {[%clk 0:37:56]} Qe6 {[%clk 0:15:41]} 23. Qc4
{[%clk 0:14:31]} Qxc4 {[%clk 0:13:55]} 24. Rxc4 {[%clk 0:14:57]} Nd6
{[%clk 0:13:34]} 25. Rc5 {[%clk 0:14:34]} Rfe8 {[%clk 0:11:22]} 26. f3
{[%clk 0:12:59]} Bf8 {[%clk 0:09:17]} 27. Bf1 {[%clk 0:11:03]} f6
{[%clk 0:01:55]} 28. Rdc1 {[%clk 0:10:27]} f5 {[%clk 0:01:07]} 29. Bc4+
{[%clk 0:10:18]} Nxc4 {[%clk 0:00:44]} 30. R5xc4 {[%clk 0:10:42]} fxe4
{[%clk 0:00:58]} 31. fxe4 {[%clk 0:11:06]} Bd6 {[%clk 0:01:17]} 32. Rf1
{[%clk 0:07:04]} Kg7 {[%clk 0:01:03]} 33. Kg2 {[%clk 0:06:42]} Rec8
{[%clk 0:00:58]} 34. Rfc1 {[%clk 0:02:11]} Rxc4 {[%clk 0:00:44]} 35. Rxc4
{[%clk 0:02:39]} Kf7 {[%clk 0:00:56]} 36. Rc1 {[%clk 0:02:40]} Ke6
{[%clk 0:01:03]} 37. Kf3 {[%clk 0:03:00]} Rf8+ {[%clk 0:00:54]} 38. Ke2
{[%clk 0:03:25]} h5 {[%clk 0:00:36]} 39. Rg1 {[%clk 0:01:26]} Be7
{[%clk 0:00:52]} 40. Rc1 {[%clk 0:31:36]} Kd7 {[%clk 0:31:02]} 41. Rc4
{[%clk 0:28:50]} g5 {[%clk 0:21:43]} 42. hxg5 {[%clk 0:27:43]} Bxg5
{[%clk 0:22:01]} 43. Bc1 {[%clk 0:20:39]} Bxc1 {[%clk 0:18:07]} 44. Rxc1
{[%clk 0:21:04]} Ra8 {[%clk 0:18:07]} 45. Ra1 {[%clk 0:18:03]} b5
{[%clk 0:15:23]} 46. Kd2 {[%clk 0:16:20]} Kd6 {[%clk 0:10:37]} 47. Ke2
{[%clk 0:11:52]} Rc8 {[%clk 0:05:23]} 48. a4 {[%clk 0:06:59]} bxa4
{[%clk 0:05:43]} 49. Rxa4 {[%clk 0:07:26]} Rc3 {[%clk 0:05:11]} 50. Ra6+
{[%clk 0:07:32]} Kd7 {[%clk 0:03:09]} 51. Kf2 {[%clk 0:01:57]} Re3
{[%clk 0:02:41]} 52. Rh6 {[%clk 0:02:26]} Rxe4 {[%clk 0:03:05]} 53. Rxh5
{[%clk 0:02:54]} Kc6 {[%clk 0:00:41]} 54. Rh1 {[%clk 0:00:57]} Kb5
{[%clk 0:01:02]} 55. Rb1 {[%clk 0:00:39]} d3 {[%clk 0:01:01]} 56. g4
{[%clk 0:00:31]} Re2+ {[%clk 0:00:31]} 57. Kf1 {[%clk 0:00:40]} Rc2
{[%clk 0:00:32]} 58. g5 {[%clk 0:01:02]} e4 {[%clk 0:00:33]} 59. g6
{[%clk 0:01:31]} Rc6 {[%clk 0:00:39]} 60. Kf2 {[%clk 0:01:01]} Rxg6
{[%clk 0:00:58]} 61. Ke3 {[%clk 0:01:27]} Rd6 {[%clk 0:00:32]} 62. Kd2
{[%clk 0:01:26]} Kc4 {[%clk 0:00:38]} 63. b5 {[%clk 0:00:34]} e3+
{[%clk 0:00:39]} 64. Kxe3 {[%clk 0:01:03]} d2 {[%clk 0:01:01]} 65. Ke2
{[%clk 0:01:23]} Kc3 {[%clk 0:01:21]} 66. b6 {[%clk 0:00:43]} Re6+
{[%clk 0:01:47]} 67. Kf2 {[%clk 0:00:55]} Rxb6 {[%clk 0:01:05]} 68. Rxb6
{[%clk 0:01:19]} d1=Q {[%clk 0:01:29]} 69. Re6 {[%clk 0:00:45]} Qd4+
{[%clk 0:01:31]} 70. Kg3 {[%clk 0:00:56]} Kd2 {[%clk 0:01:04]} 71. Re8
{[%clk 0:00:36]} Qg7+ 0-1

[Event "IM Round Robin-Orbis 2018"]
[Site "Paracin hotel Orbis"]
[Date "2018.07.18"]
[Round "7.1"]
[White "Isha, Sharma"]
[Black "Avalyan, Artur"]
[Result "1/2-1/2"]
[BlackElo "2315"]
[WhiteElo "2062"]
[LiveChessVersion "1.4.8"]

1. e4 {[%clk 1:30:56]} e6 {[%clk 1:30:41]} 2. d3 {[%clk 1:31:17]} d5
{[%clk 1:30:56]} 3. Nd2 {[%clk 1:31:42]} Nf6 {[%clk 1:31:18]} 4. Ngf3
{[%clk 1:32:03]} c5 {[%clk 1:31:29]} 5. g3 {[%clk 1:32:20]} g6 {[%clk 1:31:46]}
6. Bg2 {[%clk 1:32:44]} Bg7 {[%clk 1:32:11]} 7. O-O {[%clk 1:33:09]} Nc6
{[%clk 1:32:35]} 8. Re1 {[%clk 1:33:21]} O-O {[%clk 1:32:57]} 9. c3
{[%clk 1:33:43]} a5 {[%clk 1:33:05]} 10. Qe2 {[%clk 1:33:02]} b6 {[%clk 1:32:58]}
11. Nf1 {[%clk 1:15:09]} dxe4 {[%clk 1:29:07]} 12. dxe4 {[%clk 1:15:32]} Ba6
{[%clk 1:29:22]} 13. Qe3 {[%clk 1:14:53]} Ng4 {[%clk 1:28:01]} 14. Qg5
{[%clk 1:13:47]} Nge5 {[%clk 1:28:02]} 15. Qxd8 {[%clk 1:06:29]} Raxd8
{[%clk 1:28:15]} 16. Bg5 {[%clk 1:04:43]} Rd7 {[%clk 1:22:37]} 17. Red1
{[%clk 1:04:17]} Bd3 {[%clk 1:13:46]} 18. Ne1 {[%clk 0:57:39]} Be2
{[%clk 1:03:39]} 19. Rxd7 {[%clk 0:51:03]} Nxd7 {[%clk 1:04:02]} 20. Nd2
{[%clk 0:50:18]} h6 {[%clk 0:53:24]} 21. Be3 {[%clk 0:46:15]} Nde5
{[%clk 0:52:19]} 22. h3 {[%clk 0:46:11]} Rd8 {[%clk 0:47:44]} 23. Bf1
{[%clk 0:42:32]} Bxf1 {[%clk 0:47:15]} 24. Kxf1 {[%clk 0:42:54]} Nd7
{[%clk 0:40:42]} 25. a4 {[%clk 0:36:30]} 1/2-1/2

[Event "IM Round Robin-Orbis 2018"]
[Site "Paracin hotel Orbis"]
[Date "2018.07.18"]
[Round "7.4"]
[White "Brankovic, Dejan"]
[Black "Bergsson, Stefan"]
[Result "0-1"]
[BlackElo "2192"]
[WhiteElo "2377"]
[LiveChessVersion "1.4.8"]

1. c4 {[%clk 1:30:57]} c5 {[%clk 1:29:26]} 2. Nc3 {[%clk 1:31:22]} Nc6
{[%clk 1:29:31]} 3. g3 {[%clk 1:31:45]} g6 {[%clk 1:29:50]} 4. Bg2
{[%clk 1:32:11]} Bg7 {[%clk 1:30:15]} 5. a3 {[%clk 1:32:37]} e6 {[%clk 1:28:30]}
6. Rb1 {[%clk 1:30:24]} Nge7 {[%clk 1:27:50]} 7. b4 {[%clk 1:19:03]} cxb4
{[%clk 1:27:34]} 8. axb4 {[%clk 1:18:29]} d5 {[%clk 1:27:27]} 9. b5
{[%clk 1:12:23]} Ne5 {[%clk 1:27:02]} 10. cxd5 {[%clk 1:04:57]} exd5
{[%clk 1:27:18]} 11. d4 {[%clk 0:57:16]} Nc4 {[%clk 1:27:07]} 12. e3
{[%clk 0:55:45]} Bf5 {[%clk 1:20:05]} 13. Ra1 {[%clk 0:53:26]} Qd7
{[%clk 1:14:28]} 14. h3 {[%clk 0:47:54]} h5 {[%clk 1:11:24]} 15. Nge2
{[%clk 0:47:31]} O-O {[%clk 1:09:55]} 16. Nf4 {[%clk 0:43:16]} Rfe8
{[%clk 1:09:47]} 17. O-O {[%clk 0:42:07]} Nd6 {[%clk 0:59:18]} 18. b6
{[%clk 0:22:49]} axb6 {[%clk 0:59:02]} 19. Rxa8 {[%clk 0:22:57]} Rxa8
{[%clk 0:59:30]} 20. Ncxd5 {[%clk 0:22:59]} Nxd5 {[%clk 0:58:14]} 21. Nxd5
{[%clk 0:23:24]} Nc4 {[%clk 0:57:23]} 22. h4 {[%clk 0:21:26]} b5 {[%clk 0:43:32]}
23. Nf4 {[%clk 0:19:50]} Bb1 {[%clk 0:42:38]} 24. Bd2 {[%clk 0:19:02]} Bf5
{[%clk 0:33:50]} 25. Bb4 {[%clk 0:19:03]} Ra4 {[%clk 0:32:59]} 26. Qb3
{[%clk 0:16:55]} Bf8 {[%clk 0:26:01]} 27. Bxf8 {[%clk 0:15:28]} Kxf8
{[%clk 0:26:18]} 28. Rd1 {[%clk 0:12:56]} Na5 {[%clk 0:24:36]} 29. Qb2
{[%clk 0:10:40]} Nc4 {[%clk 0:24:16]} 30. Qc3 {[%clk 0:10:05]} Qd6
{[%clk 0:24:21]} 31. d5 {[%clk 0:07:38]} Ne5 {[%clk 0:23:00]} 32. f3
{[%clk 0:05:06]} Rc4 {[%clk 0:15:01]} 33. Qb2 {[%clk 0:04:52]} b4
{[%clk 0:14:11]} 34. e4 {[%clk 0:05:16]} Bd7 {[%clk 0:14:15]} 35. Ne2
{[%clk 0:03:23]} Qc5+ {[%clk 0:09:25]} 36. Kh1 {[%clk 0:03:28]} f6
{[%clk 0:08:36]} 37. Nd4 {[%clk 0:03:45]} Ke7 {[%clk 0:07:23]} 38. Rd2
{[%clk 0:02:19]} Rc3 {[%clk 0:06:05]} 39. Ne2 {[%clk 0:00:48]} Nc4
{[%clk 0:04:22]} 40. d6+ {[%clk 0:31:14]} Kf8 {[%clk 0:32:38]} 41. Qa2
{[%clk 0:31:14]} Nxd2 {[%clk 0:29:19]} 42. Qxd2 {[%clk 0:31:25]} Qe3
{[%clk 0:27:52]} 43. Qb2 {[%clk 0:31:48]} b5 {[%clk 0:23:19]} 44. Qxb4
{[%clk 0:30:10]} Rc2 {[%clk 0:16:11]} 45. Qa5 {[%clk 0:30:14]} Rc8
{[%clk 0:16:12]} 46. Qa2 {[%clk 0:23:01]} b4 {[%clk 0:15:53]} 47. Kh2
{[%clk 0:16:23]} b3 {[%clk 0:14:13]} 48. Qb2 {[%clk 0:14:45]} Kg7
{[%clk 0:14:27]} 49. Nd4 {[%clk 0:13:38]} Rc1 {[%clk 0:14:07]} 50. Nxb3
{[%clk 0:12:13]} Qg1# {[%clk 0:14:14]} 0-1

[Event "IM Round Robin-Orbis 2018"]
[Site "Paracin hotel Orbis"]
[Date "2018.07.19"]
[Round "8.1"]
[White "Avalyan, Artur"]
[Black "Markovic, Milan D"]
[Result "1-0"]
[BlackElo "2312"]
[WhiteElo "2315"]
[LiveChessVersion "1.4.8"]

1. d4 {[%clk 1:30:59]} d6 {[%clk 1:30:52]} 2. e4 {[%clk 1:31:21]} Nf6
{[%clk 1:30:53]} 3. Bd3 {[%clk 1:31:19]} c5 {[%clk 1:30:45]} 4. c3
{[%clk 1:29:54]} e5 {[%clk 1:28:52]} 5. Ne2 {[%clk 1:26:55]} Be7 {[%clk 1:22:31]}
6. O-O {[%clk 1:27:11]} O-O {[%clk 1:22:48]} 7. Nd2 {[%clk 1:24:32]} cxd4
{[%clk 1:19:27]} 8. cxd4 {[%clk 1:24:29]} Nbd7 {[%clk 1:16:16]} 9. d5
{[%clk 1:24:19]} a5 {[%clk 1:13:51]} 10. Nc3 {[%clk 1:22:00]} Nc5
{[%clk 1:13:01]} 11. Be2 {[%clk 1:21:31]} Bd7 {[%clk 1:11:27]} 12. a4
{[%clk 1:17:42]} Ne8 {[%clk 1:05:42]} 13. Nc4 {[%clk 1:16:26]} Bg5
{[%clk 1:03:08]} 14. Bxg5 {[%clk 1:08:43]} Qxg5 {[%clk 1:03:18]} 15. Kh1
{[%clk 1:09:22]} f5 {[%clk 1:01:11]} 16. Nb6 {[%clk 1:09:08]} Rd8
{[%clk 1:01:06]} 17. Nxd7 {[%clk 1:09:07]} Nxd7 {[%clk 1:00:57]} 18. exf5
{[%clk 1:09:09]} Rxf5 {[%clk 1:01:19]} 19. Ne4 {[%clk 0:53:32]} Qf4
{[%clk 0:58:44]} 20. Bd3 {[%clk 0:51:09]} Ndf6 {[%clk 0:53:05]} 21. Ng3
{[%clk 0:44:33]} Rg5 {[%clk 0:52:28]} 22. Rc1 {[%clk 0:35:49]} Ng4
{[%clk 0:47:34]} 23. Kg1 {[%clk 0:35:37]} Nh6 {[%clk 0:38:20]} 24. Rc4
{[%clk 0:35:11]} Qf7 {[%clk 0:38:10]} 25. h4 {[%clk 0:34:18]} Rg6
{[%clk 0:38:24]} 26. Bxg6 {[%clk 0:34:27]} Qxg6 {[%clk 0:38:40]} 27. Ne4
{[%clk 0:32:44]} Nf5 {[%clk 0:38:37]} 28. Ng5 {[%clk 0:31:21]} Nd4
{[%clk 0:38:20]} 29. f4 {[%clk 0:30:38]} Nf6 {[%clk 0:37:56]} 30. Ne6
{[%clk 0:29:16]} Nxd5 {[%clk 0:36:06]} 31. f5 {[%clk 0:23:13]} Qg3
{[%clk 0:34:10]} 32. Rxd4 {[%clk 0:22:51]} exd4 {[%clk 0:25:14]} 33. Nxd8
{[%clk 0:22:40]} Ne3 {[%clk 0:25:12]} 34. Qf3 {[%clk 0:20:41]} Qxh4 35. Qd5+ 1-0

[Event "IM Round Robin-Orbis 2018"]
[Site "Paracin hotel Orbis"]
[Date "2018.07.19"]
[Round "8.2"]
[White "Bergsson, Stefan"]
[Black "Konaplev, Anton"]
[Result "1-0"]
[BlackElo "2316"]
[WhiteElo "2192"]
[LiveChessVersion "1.4.8"]

1. e4 e6 2. d4 d5 3. Nd2 c5 4. exd5 Qxd5 5. Ngf3 cxd4 6. Bc4 Qd6 7. O-O Nf6 8.
Nb3 Nc6 9. Nbxd4 Nxd4 10. Nxd4 a6 11. Re1 Qc7 12. Qe2 Bd6 13. Bg5 Be7 14. Rad1
O-O 15. Nf5 Bd8 16. Rxd8 Qxd8 17. Nxg7 Kxg7 18. Qe5 Rg8 19. Re3 Kf8 20. Rd3 Qxd3
21. Bxd3 Nd7 22. Qd6+ Kg7 23. Qg3 f5 24. Qd6 Re8 25. g4 h6 26. Bd2 fxg4 27. Qf4
Nf8 28. Qxh6+ Kf7 29. Qh5+ Ke7 30. Bb4+ Kd8 31. Qg5+ Kd7 32. Qc5 Kd8 33. Ba5+ 1-0

[Event "IM Round Robin-Orbis 2018"]
[Site "Paracin hotel Orbis"]
[Date "2018.07.19"]
[Round "8.3"]
[White "Ozenir, Ekin Baris"]
[Black "Brankovic, Dejan"]
[Result "1/2-1/2"]
[BlackElo "2377"]
[WhiteElo "2300"]
[LiveChessVersion "1.4.8"]

1. d4 {[%clk 1:30:56]} c5 {[%clk 1:30:52]} 2. d5 {[%clk 1:31:13]} Nf6
{[%clk 1:31:15]} 3. Nc3 {[%clk 1:31:06]} g6 {[%clk 1:30:48]} 4. e4
{[%clk 1:30:50]} d6 {[%clk 1:31:10]} 5. Be2 {[%clk 1:30:05]} Bg7 {[%clk 1:31:32]}
6. Nf3 {[%clk 1:30:03]} O-O {[%clk 1:31:00]} 7. h3 {[%clk 1:28:48]} e6
{[%clk 1:30:30]} 8. O-O {[%clk 1:26:05]} exd5 {[%clk 1:30:56]} 9. exd5
{[%clk 1:26:22]} Na6 {[%clk 1:28:15]} 10. Bf4 {[%clk 1:16:12]} Nc7
{[%clk 1:27:22]} 11. a4 {[%clk 1:10:19]} Re8 {[%clk 1:23:43]} 12. Bh2
{[%clk 1:01:04]} Bf5 {[%clk 0:52:48]} 13. Bc4 {[%clk 0:52:51]} Ne4
{[%clk 0:40:58]} 14. Nxe4 {[%clk 0:39:29]} Bxe4 {[%clk 0:40:12]} 15. c3
{[%clk 0:36:34]} Bxf3 {[%clk 0:37:04]} 16. Qxf3 {[%clk 0:33:57]} Be5
{[%clk 0:37:30]} 17. Bg3 {[%clk 0:21:17]} f5 {[%clk 0:35:02]} 18. Rae1
{[%clk 0:11:30]} Qf6 {[%clk 0:32:39]} 19. Qd3 {[%clk 0:08:41]} Bxg3
{[%clk 0:28:57]} 20. Qxg3 {[%clk 0:09:06]} Rxe1 {[%clk 0:27:24]} 21. Rxe1
{[%clk 0:09:34]} Re8 {[%clk 0:27:47]} 22. Rxe8+ {[%clk 0:05:53]} Nxe8
{[%clk 0:27:54]} 23. Qe3 {[%clk 0:06:13]} Nc7 {[%clk 0:20:27]} 24. g3
{[%clk 0:06:08]} b6 {[%clk 0:20:04]} 25. Qe2 {[%clk 0:05:11]} Kf8
{[%clk 0:17:11]} 26. Kg2 {[%clk 0:04:44]} Kg7 1/2-1/2

[Event "IM Round Robin-Orbis 2018"]
[Site "Paracin hotel Orbis"]
[Date "2018.07.19"]
[Round "8.4"]
[White "Sredojevic, Ivan"]
[Black "Scott, Luke"]
[Result "1-0"]
[BlackElo "1887"]
[WhiteElo "2298"]
[LiveChessVersion "1.4.8"]

1. e4 {[%clk 1:30:52]} e6 {[%clk 1:30:57]} 2. d4 {[%clk 1:31:15]} d5
{[%clk 1:31:24]} 3. Nc3 {[%clk 1:31:36]} Nf6 {[%clk 1:31:50]} 4. e5
{[%clk 1:32:00]} Nfd7 {[%clk 1:32:16]} 5. f4 {[%clk 1:32:24]} c5 {[%clk 1:32:43]}
6. Nf3 {[%clk 1:32:48]} Nc6 {[%clk 1:33:10]} 7. Be3 {[%clk 1:33:10]} a6
{[%clk 1:33:36]} 8. Qd2 {[%clk 1:33:34]} b5 {[%clk 1:34:01]} 9. dxc5
{[%clk 1:33:58]} Bxc5 {[%clk 1:33:52]} 10. Bd3 {[%clk 1:34:23]} Qb6
{[%clk 1:30:42]} 11. Bf2 {[%clk 1:34:51]} O-O {[%clk 1:27:51]} 12. O-O
{[%clk 1:33:58]} h6 {[%clk 1:23:47]} 13. a3 {[%clk 1:34:20]} Bxf2+
{[%clk 1:09:11]} 14. Qxf2 {[%clk 1:34:07]} Qxf2+ {[%clk 1:09:17]} 15. Kxf2
{[%clk 1:34:32]} b4 {[%clk 1:08:56]} 16. axb4 {[%clk 1:29:05]} Nxb4
{[%clk 1:09:13]} 17. Ke3 {[%clk 1:29:18]} Nc5 {[%clk 1:07:38]} 18. Nd4
{[%clk 1:29:46]} a5 {[%clk 0:48:07]} 19. Bb5 {[%clk 1:22:27]} Bd7
{[%clk 0:31:35]} 20. Ra3 {[%clk 1:21:17]} Bxb5 {[%clk 0:28:02]} 21. Ncxb5
{[%clk 1:21:41]} Rfb8 {[%clk 0:28:25]} 22. Nc3 {[%clk 1:19:36]} Nxc2+
{[%clk 0:20:48]} 23. Nxc2 {[%clk 1:18:23]} Rxb2 {[%clk 0:21:16]} 24. Rf2
{[%clk 1:17:43]} Nb3 {[%clk 0:19:09]} 25. Nb5 {[%clk 1:15:48]} Rc8
{[%clk 0:16:18]} 26. Ncd4 {[%clk 1:16:09]} Nxd4 {[%clk 0:16:07]} 27. Rxb2
{[%clk 1:15:44]} Nc2+ {[%clk 0:16:17]} 28. Kd2 {[%clk 1:15:15]} Nxa3
{[%clk 0:16:10]} 29. Nxa3 {[%clk 1:15:39]} g5 {[%clk 0:15:26]} 30. g3
{[%clk 1:13:39]} Kg7 {[%clk 0:15:31]} 31. Kd3 {[%clk 1:12:36]} gxf4
{[%clk 0:11:20]} 32. gxf4 {[%clk 1:12:57]} f6 {[%clk 0:11:15]} 33. Rg2+
{[%clk 1:13:04]} Kf7 {[%clk 0:11:40]} 34. Nb5 {[%clk 1:13:33]} Rc6
{[%clk 0:06:45]} 35. Nd6+ {[%clk 1:13:25]} Kf8 {[%clk 0:07:10]} 36. Rg6
{[%clk 1:13:45]} fxe5 {[%clk 0:06:54]} 37. fxe5 {[%clk 1:14:09]} a4
{[%clk 0:07:11]} 38. Rxe6 {[%clk 1:14:16]} 1-0

[Event "IM Round Robin-Orbis 2018"]
[Site "Paracin hotel Orbis"]
[Date "2018.07.19"]
[Round "8.5"]
[White "Isha, Sharma"]
[Black "Milanovic, Slavisa"]
[Result "0-1"]
[BlackElo "2370"]
[WhiteElo "2062"]
[LiveChessVersion "1.4.8"]

1. e4 {[%clk 1:30:58]} e6 {[%clk 1:30:52]} 2. d3 {[%clk 1:31:23]} d5
{[%clk 1:31:13]} 3. Nd2 {[%clk 1:31:49]} Nf6 {[%clk 1:31:37]} 4. Ngf3
{[%clk 1:32:14]} c5 {[%clk 1:31:53]} 5. c3 {[%clk 1:32:24]} Nc6 {[%clk 1:32:08]}
6. g3 {[%clk 1:32:47]} Be7 {[%clk 1:32:31]} 7. Bg2 {[%clk 1:33:13]} O-O
{[%clk 1:32:52]} 8. O-O {[%clk 1:33:40]} b5 {[%clk 1:32:22]} 9. Re1
{[%clk 1:33:27]} a5 {[%clk 1:32:20]} 10. e5 {[%clk 1:33:00]} Nd7 {[%clk 1:31:48]}
11. Nf1 {[%clk 1:31:41]} Ba6 {[%clk 1:30:17]} 12. h4 {[%clk 1:30:28]} b4
{[%clk 1:30:15]} 13. N1h2 {[%clk 1:25:49]} Rb8 {[%clk 1:09:03]} 14. h5
{[%clk 1:23:05]} a4 {[%clk 1:08:57]} 15. h6 {[%clk 1:21:27]} g6 {[%clk 1:09:21]}
16. Bf1 {[%clk 1:11:32]} a3 {[%clk 0:58:18]} 17. c4 {[%clk 0:59:48]} dxc4
{[%clk 0:54:00]} 18. dxc4 {[%clk 0:59:23]} Ndxe5 {[%clk 0:54:25]} 19. Qa4
{[%clk 0:45:10]} Nxf3+ {[%clk 0:45:23]} 20. Nxf3 {[%clk 0:45:34]} axb2
{[%clk 0:24:50]} 21. Bxb2 {[%clk 0:45:30]} Bb7 {[%clk 0:24:20]} 22. Ne5
{[%clk 0:42:22]} Nxe5 {[%clk 0:20:18]} 23. Bxe5 {[%clk 0:42:44]} Ra8
{[%clk 0:19:55]} 24. Qb5 {[%clk 0:42:23]} Qc8 {[%clk 0:12:42]} 25. Red1
{[%clk 0:38:26]} Bc6 {[%clk 0:11:25]} 26. Qb6 {[%clk 0:38:43]} Ra6
{[%clk 0:10:32]} 27. Qc7 {[%clk 0:39:07]} Qxc7 {[%clk 0:10:43]} 28. Bxc7
{[%clk 0:39:32]} Bf6 {[%clk 0:10:50]} 29. Rac1 {[%clk 0:37:43]} Bd4
{[%clk 0:09:06]} 30. Rd2 {[%clk 0:36:32]} e5 {[%clk 0:08:09]} 31. Bd6
{[%clk 0:27:32]} Rfa8 {[%clk 0:07:03]} 32. Rxd4 {[%clk 0:27:24]} exd4
{[%clk 0:04:37]} 33. Bxc5 {[%clk 0:27:39]} Rxa2 {[%clk 0:04:45]} 34. Bxd4
{[%clk 0:27:34]} b3 {[%clk 0:04:05]} 35. Rb1 {[%clk 0:26:10]} Rb8
{[%clk 0:04:12]} 36. Be5 {[%clk 0:25:53]} Rb7 {[%clk 0:03:49]} 37. c5
{[%clk 0:19:18]} b2 {[%clk 0:02:50]} 38. Rd1 {[%clk 0:18:17]} Rd7
{[%clk 0:02:39]} 39. Rb1 {[%clk 0:16:20]} Rb7 {[%clk 0:01:48]} 40. Bd3
{[%clk 0:42:04]} Rd7 {[%clk 0:30:42]} 41. Bc2 {[%clk 0:42:18]} Rd2
{[%clk 0:29:27]} 42. Bb3 {[%clk 0:42:06]} Ra3 {[%clk 0:28:29]} 0-1